Finite elements and fast iterative solvers : (Record no. 22999)

MARC details
000 -LEADER
fixed length control field 01873cam a2200361 i 4500
001 - CONTROL NUMBER
control field 17922888
003 - CONTROL NUMBER IDENTIFIER
control field EG-ScBUE
005 - DATE AND TIME OF LATEST TRANSACTION
control field 20250518092832.0
008 - FIXED-LENGTH DATA ELEMENTS--GENERAL INFORMATION
fixed length control field 131030s2014 enka f b 001 0 eng d
020 ## - INTERNATIONAL STANDARD BOOK NUMBER
International Standard Book Number 9780199678808 (pbk.)
020 ## - INTERNATIONAL STANDARD BOOK NUMBER
International Standard Book Number 0199678804 (pbk.)
040 ## - CATALOGING SOURCE
Original cataloging agency EG-ScBUE
Language of cataloging eng
Description conventions rda
Transcribing agency EG-ScBUE
Modifying agency EG-ScBUE
082 04 - DEWEY DECIMAL CLASSIFICATION NUMBER
Classification number 532.0501515
Item number ELM
Edition number 22
100 1# - MAIN ENTRY--PERSONAL NAME
Personal name Elman, Howard C.,
Relator term author.
245 10 - TITLE STATEMENT
Title Finite elements and fast iterative solvers :
Remainder of title with applications in incompressible fluid dynamics /
Statement of responsibility, etc Howard C. Elman, University of Maryland, College Park, David J. Silvester, University of Manchester, Andrew J. Wathen, University of Oxford.
250 ## - EDITION STATEMENT
Edition statement Second edition.
264 #1 - PUBLICATION, DISTRIBUTION, ETC. (IMPRINT)
Place of publication, distribution, etc Oxford :
Name of publisher, distributor, etc Oxford University Press,
Date of publication, distribution, etc 2014.
300 ## - PHYSICAL DESCRIPTION
Extent xiv, 479 pages :
Other physical details illustrations ;
Dimensions 24 cm.
336 ## - CONTENT TYPE
Source rdacontent
Content type term text
Content type code txt
337 ## - MEDIA TYPE
Media type term unmediated
Source rdamedia
Media type code n
338 ## - CARRIER TYPE
Carrier type term volume
Carrier type code nc
Source rdacarrier
490 0# - SERIES STATEMENT
Series statement Numerical mathematics and scientific computation
504 ## - BIBLIOGRAPHY, ETC. NOTE
Bibliography, etc Includes bibliographical references and index.<br/>
505 0# - FORMATTED CONTENTS NOTE
Formatted contents note Models of incompressible fluid flow -- The Poisson equation -- Solution of discrete Poisson problems -- The Stokes equations -- Solution of discrete Stokes problems -- Optimization with PDE constraints -- The convection-diffusion equation -- Solution of discrete convection-diffusion problems -- The Navier-Stokes equations -- Solution of discrete Navier-Stokes problems -- Solution of unsteady Navier-Stokes problems -- Solution of models of buoyancy-driven flow.
650 #7 - SUBJECT ADDED ENTRY--TOPICAL TERM
Topical term or geographic name as entry element Computational fluid dynamics.
Source of heading or term BUEsh
9 (RLIN) 34924
650 #7 - SUBJECT ADDED ENTRY--TOPICAL TERM
Topical term or geographic name as entry element Differential equations, Partial.
Source of heading or term BUEsh
9 (RLIN) 7957
650 #7 - SUBJECT ADDED ENTRY--TOPICAL TERM
Topical term or geographic name as entry element Finite element method.
Source of heading or term BUEsh
9 (RLIN) 2126
653 ## - INDEX TERM--UNCONTROLLED
Resource For college Engineering, General
Arrived date list November2016
655 ## - INDEX TERM--GENRE/FORM
Form subdivision Reading book
700 1# - ADDED ENTRY--PERSONAL NAME
Personal name Silvester, David J.,
Relator term author.
700 1# - ADDED ENTRY--PERSONAL NAME
Personal name Wathen, Andrew J.,
Relator term author.
942 ## - ADDED ENTRY ELEMENTS (KOHA)
Source of classification or shelving scheme Dewey Decimal Classification
Koha item type Book - Borrowing
Holdings
Withdrawn status Lost status Source of classification or shelving scheme Damaged status Not for loan Collection code Home library Current library Shelving location Date acquired Source of acquisition Cost, normal purchase price Serial Enumeration / chronology Total Checkouts Full call number Barcode Date last seen Cost, replacement price Koha item type
    Dewey Decimal Classification     Baccah Central Library Central Library First floor 02/11/2016 Purchase 490.00 3636   532.0501515 ELM 000034255 15/07/2025 613.00 Book - Borrowing